Les principaux types de nuages - Carte Quiz - Statistiques

Statistiques générales
  • Ce quiz a été pris 646 fois
  • Le résultat moyen est 4 sur 10
Réponses sur la Carte
Les réponses sont colorées sur une échelle allant du rouge au vert en fonction du pourcentage des utilisateurs qui les ont devinées à leur premier essai. Vous pouvez retrouver ces pourcentages ci-dessous.
 
Statistiques - réponses
Réponse % Correct
Cumulonimbus
77%
Cumulus
67%
Cirrus
47%
Stratus
43%
Altocumulus
35%
Altostratus
31%
Cirrostratus
31%
Nimbostratus
31%
Stratocumulus
31%
Cirrocumulus
29%
Aucun quiz correspondant
Distribution des résultats
% des personnes avec chaque résultat
Percentile par nombre de réponses
Votre historique - résultats
Vous n’avez pas pris ce quiz